| 000 | 00787nam a22002177a 4500 | ||
|---|---|---|---|
| 003 | OSt | ||
| 005 | 20251008054607.0 | ||
| 008 | 251008b |||||||| |||| 00| 0 eng d | ||
| 020 | _a 9786218179232 | ||
| 040 |
_aDWCL-Main lib _cOC |
||
| 082 | _aFil. 338.4791 A678i 2022 | ||
| 100 | _aMagpantay, Don M. | ||
| 245 |
_aIntroduction to Meetings, Incentives, Conferences and Events Management (MICE) : _bas Applied to Hospitality/ _cDon M. Magpantay |
||
| 260 |
_aManila, Philippines : _bEDRIC Publishing House, _cc2022. |
||
| 300 |
_a75 pages : _billustrations ; _c25 cm. |
||
| 504 | _aIncludes bibliographical references | ||
| 650 | _a1. Hospitality industry-- Management | ||
| 650 | _a2. Strategic planning | ||
| 650 | _a3. Tourism-- Management | ||
| 942 |
_2ddc _cBK - FIL _kFil. _n0 |
||
| 999 |
_c4721 _d4721 |
||